DTLR progress report (Record no. 70468)

MARC details
000 -LEADER
fixed length control field 00963cam a2200229 4500
001 - CONTROL NUMBER
control field WB3821-23
008 - FIXED-LENGTH DATA ELEMENTS--GENERAL INFORMATION
fixed length control field 020612n2002 000 0 eng u
035 ## - SYSTEM CONTROL NUMBER
System control number (Sirsi) u118387
245 ## - TITLE STATEMENT
Title DTLR progress report
260 ## - PUBLICATION, DISTRIBUTION, ETC.
Date of publication, distribution, etc. 2002
490 ## - SERIES STATEMENT
Series statement DTLR Press Release
Volume/sequential designation (233) 10 June 2002, (2)
520 ## - SUMMARY, ETC.
Summary, etc. DTLR has published its annual report setting out its achievements between 31 March 2001 and 31 March 2002. DTLR responsibilities have been split between the newly formed Department for Transport and the Office of the Deputy Prime Minister after restructuring on 29 May 2002. The report is published by the Stationery Office. http://www.press.dtlr.gov.uk/pns/DisplayPN.cgi?pn_id=2002_0233
590 ## - LOCAL NOTE (RLIN)
Local note WB
650 ## - SUBJECT ADDED ENTRY--TOPICAL TERM
Topical term or geographic name entry element DTLR
650 ## - SUBJECT ADDED ENTRY--TOPICAL TERM
Topical term or geographic name entry element TRANSPORT
650 ## - SUBJECT ADDED ENTRY--TOPICAL TERM
Topical term or geographic name entry element LOCAL GOVERNMENT
650 ## - SUBJECT ADDED ENTRY--TOPICAL TERM
Topical term or geographic name entry element REGIONS
650 ## - SUBJECT ADDED ENTRY--TOPICAL TERM
Topical term or geographic name entry element DEPARTMENT FOR TRANSPORT
650 ## - SUBJECT ADDED ENTRY--TOPICAL TERM
Topical term or geographic name entry element OFFICE OF THE DEPUTY PRIME MINISTER
690 ## - LOCAL SUBJECT ADDED ENTRY--TOPICAL TERM (OCLC, RLIN)
Topical term or geographic name as entry element TRANSPORT AND COMMUNICATIONS
942 ## - ADDED ENTRY ELEMENTS (KOHA)
Suppress in OPAC 0
Holdings
Withdrawn status Lost status Source of classification or shelving scheme Damaged status Not for loan Home library Current library Shelving location Date acquired Total Checkouts Full call number Barcode Date last seen Copy number Price effective from Koha item type
    Dewey Decimal Classification     London London News article 12/06/2002   WB3821-23 118387-1001 06/08/2019 1 06/08/2019 News article